000 00215nam a2200073Ia 4500
008 170524s9999 xx 000 0 und d
100 _aBALAKRISHNAN- NAGRAJ
245 0 _aMANAGERIAL DECISION MODELING WITH SPREADSHEETS
260 _bNEW DELHI : PEARSON
999 _c8443
_d8443